书目信息 |
| 题名: |
中国石油天然气集团公司统编培训教材
|
|
| 作者: | 《化工工艺系统设计》编委会编 | |
| 分册: | 工程建设业务分册 | |
| 出版信息: | 北京 石油工业出版社 2013 |
|
| 页数: | 756页 | |
| 开本: | 24cm | |
| 丛书名: | ||
| 单 册: | ||
| 中图分类: | F407.22 , TQ02 | |
| 科图分类: | ||
| 主题词: | 化工设计--技术培训--教材 , 石油工业 , 化工设计 | |
| 电子资源: | ||
| ISBN: | 978-7-5021-9590-8 | |
| 000 | 01008nam0 2200265 450 | |
| 001 | 007063863 | |
| 005 | 20140611154104.76 | |
| 010 | @a978-7-5021-9590-8@dCNY168.00 | |
| 100 | @a20140310d2013 em y0chiy50 ea | |
| 101 | 0 | @achi |
| 102 | @aCN@b110000 | |
| 105 | @aa z 000yy | |
| 106 | @ar | |
| 200 | 1 | @a中国石油天然气集团公司统编培训教材@9zhong guo shi you tian ran qi ji tuan gong si tong bian pei xun jiao cai@i工程建设业务分册@i化工工艺系统设计@f《化工工艺系统设计》编委会编 |
| 210 | @a北京@c石油工业出版社@d2013 | |
| 215 | @a756页@c图@d24cm | |
| 330 | @a本书主要叙述工程建设项目执行过程中,化工工艺系统专业的主要工作任务、输出文件、常用工作方法等内容,介绍了化工工艺系统专业主要涉及文件的编制和工艺系统的计算,对工艺工程危险性分析的方法进行了介绍。 | |
| 601 | 02 | @a石油工业@x技术培训@j教材 |
| 606 | 0 | @a化工设计@x技术培训@j教材 |
| 606 | 0 | @a石油工业 |
| 606 | 0 | @a化工设计 |
| 690 | @aF407.22@v5 | |
| 690 | @aTQ02@v5 | |
| 801 | 0 | @aCN@bNLC@c20140321 |
| 905 | @b548997-99@dF407.22@e214@f3 | |
| 中国石油天然气集团公司统编培训教材.工程建设业务分册.化工工艺系统设计/《化工工艺系统设计》编委会编.-北京:石油工业出版社,2013 |
| 756页:图;24cm |
| ISBN 978-7-5021-9590-8:CNY168.00 |
| 本书主要叙述工程建设项目执行过程中,化工工艺系统专业的主要工作任务、输出文件、常用工作方法等内容,介绍了化工工艺系统专业主要涉及文件的编制和工艺系统的计算,对工艺工程危险性分析的方法进行了介绍。 |
| ● |
| 相关链接 |
|
|
|
|
正题名:中国石油天然气集团公司统编培训教材
索取号:F407.22/214
 
预约/预借
| 序号 | 登录号 | 条形码 | 馆藏地/架位号 | 状态 | 备注 |
| 1 | 548997 | 205489979 | 第一样本阅览室/ [索取号:F407.22/214] | 在馆 | |
| 2 | 548998 | 205489988 | 第一借阅区/ [索取号:F407.22/214] | 在馆 | |
| 3 | 548999 | 205489997 | 第一借阅区/ [索取号:F407.22/214] | 在馆 |